• 首页
  • 本馆介绍
  • 公告通知
  • 最新文献
  • 馆藏检索
  • 电子资源
  • 读者导购
  • 参考咨询
  • 我的图书馆
  • 登录
  • 详细信息显示
  • 放入我的书架
  • 预约/预借图书
  • 作者相关作品
  • 分类相关作品
  • 丛书相关作品
  • 出版社相关作品

书目信息

  • 表格格式
  • 工作单格式
  • 卡片格式
题名:
30部必读的诗歌经典
    
 
作者: 孙晓玲 , 韩亚楠 编著
分册:  
出版信息: 北京   北京工业大学出版社  2006
页数: 237页
开本: 24cm
丛书名: 《大师经典·读书计划》丛书
单 册:
中图分类: I106.2
科图分类:
主题词: 诗歌--文学评论--世界 , 诗歌 , 文学评论
电子资源:
ISBN: 7-5639-1602-4
000 01037oam2 2200289 450
001 003055404
005 20061227141748.29
010    @a7-5639-1602-4@dCNY26.80
100    @a20060104d2006 em y0chiy0110 ea
101 0  @achi
102    @aCN@b110000
105    @aac z 000gy
200 1  @a30部必读的诗歌经典@930 bu bi du de shi ge jing dian@dThe poetry classics@e推介·导读@f孙晓玲,韩亚楠编著@zeng
210    @a北京@c北京工业大学出版社@d2006
215    @a237页@c肖像,图@d24cm
225 2  @a《大师经典·读书计划》丛书
330    @a本书推荐了《莎士比亚十四行诗》、《失乐园》、《华兹华斯抒情诗选》、《恰尔德·哈洛尔德游记》、《解放了的普罗米修斯》、《叶芝诗精选》等30位中外诗人的经典诗歌作品。
461  0 @12001 @a《大师经典·读书计划》丛书
510 1  @aPoetry classics@zeng
606 0  @a诗歌@x文学评论@y世界
606 0  @a诗歌
606 0  @a文学评论
690    @aI106.2@v4
701  0 @a孙晓玲@9sun xiao ling@c(文学)@4编著
701  0 @a韩亚楠@9han ya nan@4编著
801  0 @aCN@bNLC@c20061227
905    @a10447@dI106.2@e163
    
    30部必读的诗歌经典=The poetry classics:推介·导读/孙晓玲,韩亚楠编著.-北京:北京工业大学出版社,2006
    237页:肖像,图;24cm.-(《大师经典·读书计划》丛书)
    
    
    ISBN 7-5639-1602-4:CNY26.80
    本书推荐了《莎士比亚十四行诗》、《失乐园》、《华兹华斯抒情诗选》、《恰尔德·哈洛尔德游记》、《解放了的普罗米修斯》、《叶芝诗精选》等30位中外诗人的经典诗歌作品。
●
相关链接 在E读中查询图书 在五车中查询图书 在当当中查询图书 在豆瓣中查询图书


正题名:30部必读的诗歌经典     索取号:I106.2/163         预约/预借

序号 登录号 条形码 馆藏地/架位号 状态 备注
1 0390201   203902018   第一样本阅览室/ [索取号:I106.2/163] 在馆    
2 0390202   203902027   第二借阅区/ [索取号:I106.2/163] 在馆    
3 0390203   203902036   第二借阅区/ [索取号:I106.2/163] 在馆    
4 0390204   203902045   第二借阅区/ [索取号:I106.2/163] 在馆    
5 0390205   203902054   第二借阅区/ [索取号:I106.2/163] 在馆    
6 0609122   206091227   第二借阅区/ [索取号:I106.2/163] 在馆    
7 0609123   206091236   第二借阅区/ [索取号:I106.2/163] 在馆    
8 0609124   206091245   第二借阅区/ [索取号:I106.2/163] 在馆    
9 0609125   206091254   第二借阅区/ [索取号:I106.2/163] 在馆    
10 0609126   206091263   第二借阅区/ [索取号:I106.2/163] 在馆    
11 0609127   206091272   第二借阅区/ [索取号:I106.2/163] 在馆    
12 0609128   206091281   第二借阅区/ [索取号:I106.2/163] 在馆    
唐山师范学院图书馆 欢迎您!
大连网信软件有限公司© 版权所有